عرض عادي
عرض مارك
- Religion and science
دخول Topical Term
001 - CONTROL NUMBER
- control field: 21360
003 - CONTROL NUMBER IDENTIFIER
- control field: AE-AdECS
005 - DATE AND TIME OF LATEST TRANSACTION
- control field: 20251008124304.0
008 - FIXED-LENGTH DATA ELEMENTS
- fixed length control field: 251008|| aca||aabn | a|a d
040 ## - CATALOGING SOURCE
- Original cataloging agency: AE-AdECS
- Transcribing agency: AE-AdECS
150 ## - HEADING--TOPICAL TERM
- Topical term or geographic name entry element: Religion and science
- Geographic subdivision: United States
- Chronological subdivision: 20th century
670 ## - SOURCE DATA FOUND
- Source citation: Work cat.: (AE-AdECS)292510: Evans, John Hyde, 1965- author. 21359, Morals not knowledge :
